|
|
|
|
| LEADER |
00000nam a2200000 a 4500 |
| 001 |
vtls008154043 |
| 003 |
SK-MaSNL |
| 005 |
20260302003331.0 |
| 008 |
240313s2005 xo dal g 000 0 slo |
| 015 |
|
|
|a SNBA2005/06-02198
|
| 020 |
|
|
|a 8080732523
|q (brož.)
|
| 035 |
|
|
|a 66D30229-7C7F-495F-80E8-673BFBCBE1FD
|
| 035 |
|
|
|a urn:nbn:sk:snk-amk6r3
|
| 035 |
|
|
|a urn:nbn:sk:snk-am008acp
|
| 040 |
|
|
|a SNK
|b slo
|c SNK
|e AACR2
|
| 041 |
0 |
|
|a slo
|
| 044 |
|
|
|a xo
|
| 072 |
|
7 |
|a 616
|x Patológia. Klinická medicína
|2 konspekt
|
| 080 |
|
|
|a 616-074:577.1
|2 1997
|
| 080 |
|
|
|a (048.8)
|2 1997
|
| 080 |
|
|
|a 616.12
|2 1997
|
| 100 |
1 |
|
|a Špirková, Zuzana,
|d 1965-
|4 aut
|9 21499
|
| 245 |
1 |
0 |
|a Kardiomarkery
|c Zuzana Špirková a kolektív
|
| 250 |
|
|
|a [1. vyd.]
|
| 260 |
|
|
|a [Košice
|b Technická univerzita
|c 2005]
|
| 300 |
|
|
|a 183 s.
|c grafy, tab., sch.
|c 29 cm
|
| 500 |
|
|
|a Názov z obalu
|
| 500 |
|
|
|a Zozn. skrat.
|
| 504 |
|
|
|a Bibliogr. odkazy
|
| 650 |
0 |
7 |
|a kardiológia
|2 SNKPH
|9 906
|
| 650 |
0 |
7 |
|a biochemická diagnostika
|2 SNKPH
|9 73143
|
| 655 |
|
7 |
|a monografie
|2 SNKPH
|9 70139
|
| 700 |
1 |
|
|a Daňová, Katarína,
|d 1961-
|9 14085
|
| 700 |
1 |
|
|a Pecháň, Ivan,
|d 1932-2010
|4 aut
|9 25742
|
| 700 |
1 |
|
|a Pivovarníková, Hedviga
|4 aut
|9 641902
|
| 700 |
1 |
|
|a Pullmann, Rudolf,
|d 1937-
|4 aut
|9 119385
|
| 919 |
|
|
|a 80-8073-252-3
|
| 958 |
|
|
|a OND
|
| 968 |
|
|
|d 61
|
| 999 |
|
|
|c 991545
|d 993475
|
| 952 |
|
|
|a SNK
|b SNK
|y PREZ
|7 0
|p 17A0468593
|o snkSB 70425
|i snk2005/8166
|8 0
|0 0
|1 0
|4 0
|d 2005-05-16
|l 0
|r 2025-04-25 00:00:00
|w 2026-02-24
|
| 952 |
|
|
|a SNK
|b SNK
|y VYP
|7 0
|p 17A0468594
|o snkSB 70425 D1
|i snk2005/8167
|8 0
|0 0
|1 0
|4 0
|d 2005-05-16
|f 1
|l 0
|r 2016-06-30 00:00:00
|w 2026-02-24
|